00361nam a2200133Ia 4500008004100000041000800041082001400049100001900063245004500082250001400127260003800141300003400179365001400213240624s9999 xx 000 0 und d aeng a332.6 REI aREILLY FRANK K aINVESTMENT ANALYSIS AND PORTFOLIO MANAGE a(8th ed.) c2008aNew DelhibCengage Learning axxvii, : 1174 : p. : cm. ; 26 cRSb33.33